General knowledge : part 2

Bibliographic Details
Format: Book
Published: Dubai, UAE : al-Kabas Video Services , 1975
Series:Junior series 2
Subjects:

MARC

LEADER 00000cam a2200000 7i4500
001 0000005320
005 20030917093000.0
008 021118s1975
090 0 0 |a PE1507   |b .G46 1975 
245 0 0 |a General knowledge :   |b part 2 
260 2 |a Dubai, UAE :   |b al-Kabas Video Services ,   |c 1975 
300 |a 1 videocassette, contents: follow the reader (14 min.), nouns and adjectives (9 min.), verbs and adverbs (9 min.), prepositions (10 min.), sets and numbers (12 min.), equations (12 min.), associativity (12 min.), commutativity (12 min.), magnetism and electricity (9 min.), the metric system (13 min.) 
440 0 0 |a Junior series 2 
504 |a The only video-based encyclopedia of priceless educational films 
650 0 |a Education, Primary 
999 |a 1000003330   |b Video Tape   |c Close Access   |e Gong Badak Campus